| 000 | 02817nam0a2200373 i 4500 | ||
|---|---|---|---|
| 001 | RU\NLR\bibl\1934285 | ||
| 005 | 20260408085603.0 | ||
| 010 |
_a9785321021477 _9500 |
||
| 021 |
_aRU _b2012-53854 _93926 |
||
| 035 | _a(nilc)RSL-KNO-005469733 | ||
| 035 | _a(NLR Aleph) 001923606 | ||
| 090 |
_a3339497 _c3339497 |
||
| 100 | _a20120725d2012 u y0rusy50 ca | ||
| 101 | 0 | _arus | |
| 102 | _aRU | ||
| 105 | _ay ||||||||| | ||
| 200 | 1 |
_aПотенциал студенческого самоуправления в повышении качества образования _eсборник материалов Всероссийской научно-практической конференции с международным участием [в рамках фестиваля _fXXII Международный межвузовский студенческий фестиваль Весна УПИ в Уральском федеральном, 16 апреля - 9 мая, 2012 _gнауч. ред. Ю.Р. Вишневский] |
|
| 210 |
_aЕкатеринбург _cУрФУ _d2012 |
||
| 215 |
_a113 с. _d21 |
||
| 225 | 1 | _aКачество образования | |
| 300 | _aВ надзаг.: М-во образования и науки Российской Федерации, Общероссийский профсоюз образования, Российский студенческий союз, Уральский федеральный ун-т им. первого Президента России Б. Н. Ельцина | ||
| 320 | _aБиблиогр. в конце докл. | ||
| 606 |
_aСтуденческое самоуправление _jСъезды, совещания и т.п. _92450265 _3RU\NLR\auth\661456898 |
||
| 686 |
_aЧ481,6(2)431я431(2) _2rubbk |
||
| 686 | _aЧ481.431я431 | ||
| 702 | 1 |
_aВишневский _bЮ. Р. _gЮрий Рудольфович _4340 |
|
| 711 | 1 | 2 |
_a"Потенциал студенческого самоуправления и повышение качества образования", всероссийская научно-практическая конференция с международным участием _f2012 _eЕкатеринбург _3RU\NLR\AUTH\8810227513 _9339730 |
| 711 | 1 | 2 |
_a"Весна УПИ в Уральском федеральном", международный межвузовский студенческий фестиваль _d22 _f2012 _eЕкатеринбург _3RU\NLR\AUTH\8810227515 _9339735 |
| 801 | 0 |
_aRU _bRuMoRKP _c20120725 _grcr |
|
| 801 | 1 |
_aRU _bРГБ _c20120725 |
|
| 801 | 2 |
_aRU _bNLR _c20120815 _grcr |
|
| 942 | _cBOOK | ||
| 980 | _aNBR | ||